Analisis de un servicio de salud : notas de clase (Registro nro. 86125)

Detalles MARC
001 - NÚMERO DE CONTROL
campo de control 199876
005 - FECHA Y HORA DE LA ÚLTIMA TRANSACCIÓN
campo de control 20260506081226.0
008 - DATOS DE LONGITUD FIJA--INFORMACIÓN GENERAL
campo de control de longitud fija 980608s1996 spa
035 ## - NÚMERO DE CONTROL DEL SISTEMA
Número de control de sistema 199876
035 ## - NÚMERO DE CONTROL DEL SISTEMA
Número de control de sistema (OCoLC)778057767
040 ## - FUENTE DE LA CATALOGACIÓN
Centro/agencia transcriptor comduadb
041 ## - CÓDIGO DE LENGUA
Código de lengua del texto/banda sonora o título independiente spa
080 ## - NÚMERO DE LA CLASIFICACIÓN DECIMAL UNIVERSAL
Número de la Clasificación Decimal Universal AV/
100 10 - ENTRADA PRINCIPAL--NOMBRE DE PERSONA
Nombre de persona Gómez Arias, Rubén Darío
Código de función aut
Término indicativo de función/relación Autor/a
9 (RLIN) 481807
245 10 - MENCIÓN DE TÍTULO
Título Analisis de un servicio de salud : notas de clase
260 ## - PUBLICACIÓN, DISTRIBUCIÓN, ETC.
Lugar de publicación, distribución, etc. Medellín :
Nombre del editor, distribuidor, etc. Universidad de Antioquia. Facultad Nacional de Salud Pública,
Fecha de publicación, distribución, etc. 1996.
300 ## - DESCRIPCIÓN FÍSICA
Extensión 12 hojas
650 #7 - PUNTO DE ACCESO ADICIONAL DE MATERIA--TÉRMINO DE MATERIA
Término de materia o nombre geográfico como elemento de entrada Servicios de salud
Fuente del encabezamiento o término lemb
9 (RLIN) 36414
650 #7 - PUNTO DE ACCESO ADICIONAL DE MATERIA--TÉRMINO DE MATERIA
Término de materia o nombre geográfico como elemento de entrada Oferta y demanda
Fuente del encabezamiento o término lemb
9 (RLIN) 1997
942 ## - ELEMENTOS DE ENTRADA AGREGADA (KOHA)
Tipo de ítem Koha Libros
Existencias
Estado de retiro Estado de pérdida Fuente del sistema de clasificación o colocación Estado dañado No para préstamo Código de colección Localización permanente Ubicación/localización actual Fecha de adquisición Fuente de adquisición Número de inventario Total de préstamos Signatura topográfica completa Código de barras Fecha visto por última vez Fecha del último préstamo Número de copia Precio válido a partir de Tipo de ítem Koha
    Clasificación Decimal Dewey     Memoria Institucional Biblioteca de Salud Pública, Campus Medellín Biblioteca de Salud Pública, Campus Medellín 08/06/1998 Material adquirido por donación C272832 1 AV 02964 61000000453387 12/11/2024 09/10/2024 1 22/04/2023 Libros